Rock physics and natural hazards / (Record no. 13349)

MARC details
000 -LEADER
fixed length control field 01254cam a22003255i 4500
001 - CONTROL NUMBER
control field 15762548
003 - CONTROL NUMBER IDENTIFIER
control field EG-ScBUE
005 - DATE AND TIME OF LATEST TRANSACTION
control field 20260309094939.0
008 - FIXED-LENGTH DATA ELEMENTS--GENERAL INFORMATION
fixed length control field 090604t2009 sz a f b 000 0 eng d
020 ## - INTERNATIONAL STANDARD BOOK NUMBER
International Standard Book Number 9783034601214 (alk. paper)
040 ## - CATALOGING SOURCE
Original cataloging agency EG-ScBUE
Language of cataloging eng
Description conventions rda
Transcribing agency EG-ScBUE
Modifying agency EG-ScBUE
082 04 - DEWEY DECIMAL CLASSIFICATION NUMBER
Edition number 22
Classification number 552.06
Item number ROC
245 00 - TITLE STATEMENT
Title Rock physics and natural hazards /
Statement of responsibility, etc edited by Sergio Vinciguerra, Yves Bernabe.
264 #1 - PUBLICATION, DISTRIBUTION, ETC. (IMPRINT)
Place of publication, distribution, etc Basel :
Name of publisher, distributor, etc Birkhäuser Verlag AG,
Date of publication, distribution, etc [2009]
264 #4 - PUBLICATION, DISTRIBUTION, ETC. (IMPRINT)
Date of publication, distribution, etc c2009
300 ## - PHYSICAL DESCRIPTION
Extent 426 pages :
Other physical details illustrations ;
Dimensions 24 cm.
336 ## - CONTENT TYPE
Source rdacontent
Content type term text
Content type code txt
337 ## - MEDIA TYPE
Media type term unmediated
Source rdamedia
Media type code n
338 ## - CARRIER TYPE
Carrier type term volume
Carrier type code nc
Source rdacarrier
490 0# - SERIES STATEMENT
Series statement Pure and applied geophysics (pageoph) ;
Volume number/sequential designation Pageoph volume 166 (2009), No 5-7
500 ## - GENERAL NOTE
General note "Reprint from Pure and Applied Geophysics (PAGEOPH), Volume 166 (2009) no. 5-7"--t.p.verso.
504 ## - BIBLIOGRAPHY, ETC. NOTE
Bibliography, etc Includes bibliographical references.
650 #7 - SUBJECT ADDED ENTRY--TOPICAL TERM
Topical term or geographic name as entry element Earthquake hazard analysis.
Form subdivision Congresses.
9 (RLIN) 11214
Source of heading or term BUEsh
650 #7 - SUBJECT ADDED ENTRY--TOPICAL TERM
Topical term or geographic name as entry element Volcanic hazard analysis
Form subdivision Congresses.
9 (RLIN) 11215
Source of heading or term BUEsh
650 #7 - SUBJECT ADDED ENTRY--TOPICAL TERM
Topical term or geographic name as entry element Geophysics
Form subdivision Congresses.
9 (RLIN) 11216
Source of heading or term BUEsh
655 ## - INDEX TERM--GENRE/FORM
Form subdivision Reading book
700 1# - ADDED ENTRY--PERSONAL NAME
Personal name Vinciguerra, Sergio,
9 (RLIN) 11217
Relator term editor.
700 1# - ADDED ENTRY--PERSONAL NAME
Personal name Bernabe, Yves,
9 (RLIN) 11218
Relator term editor.
942 ## - ADDED ENTRY ELEMENTS (KOHA)
Source of classification or shelving scheme Dewey Decimal Classification
Koha item type Book - Borrowing
Holdings
Withdrawn status Lost status Source of classification or shelving scheme Damaged status Not for loan Collection code Home library Current library Shelving location Date acquired Source of acquisition Cost, normal purchase price Serial Enumeration / chronology Total Checkouts Full call number Barcode Date last seen Price effective from Koha item type
    Dewey Decimal Classification     Alahram Central Library Central Library First floor 10/02/2010   555.50 38   552.06 ROC 000019721 15/07/2025 10/02/2010 Book - Borrowing